[Event "NED-ch U21"]
[Site "Venlo"]
[Date "2007.04.29"]
[Round "3"]
[White "Van der Velden, Bram"]
[Black "De Vries, Jaap"]
[Result "1-0"]
[WhiteElo "2093"]
[BlackElo "1822"]
[PlyCount "69"]
[EventDate "2007.04.27"]
[EventType "swiss"]
[EventRounds "9"]
[EventCountry "NED"]
[SourceTitle "EXT 2009"]
[Source "ChessBase"]
[SourceDate "2008.11.26"]
[SourceVersion "1"]
[SourceVersionDate "2008.11.26"]
[SourceQuality "1"]

1. d4 Nf6 2. c4 g6 3. Nc3 Bg7 4. e4 d6 5. Nf3 0-0 6. Be2 e5 7. 0-0 Nc6 8. d5 Ne7 9. Ne1 Nd7 10. Be3 f5 11. f3 f4 12. Bf2 g5 13. a4 Rf6 14. Nb5 Nf8 15. Nxa7 Bd7 16. c5 Rh6 17. cxd6 cxd6 18. Bb5 Qe8 19. Bxd7 Nxd7 20. Nb5 Qh5 21. h3 Rg6 22. Rc1 Nf6 23. Rc7 g4 24. fxg4 Rxg4 25. hxg4 Nxg4 26. Nf3 Nf5 27. exf5 e4 28. Rxg7+ Kxg7 29. Qd4+ Nf6 30. Bh4 exf3 31. Qxf6+ Kg8 32. Qe6+ Kf8 33. Be7+ Kg7 34. Bf6+ Kh6 35. Rxf3 1-0

[Event "Hengelo U14 op"]
[Site "Hengelo"]
[Date "2005.08.11"]
[Round "6"]
[White "Van Rijn, Giel"]
[Black "De Vries, Jaap"]
[Result "1-0"]
[WhiteElo "1848"]
[BlackElo "1533"]
[PlyCount "72"]
[EventDate "2005.08.??"]
[EventType "swiss"]
[EventRounds "9"]
[EventCountry "NED"]
[SourceTitle "CBM 107 Extra"]
[Source "ChessBase"]
[SourceDate "2005.09.01"]
[SourceVersion "1"]
[SourceVersionDate "2005.09.01"]
[SourceQuality "1"]

1. e4 c5 2. c3 d5 3. exd5 Qxd5 4. d4 e6 5. Nf3 Nc6 6. Be3 cxd4 7. cxd4 Nf6 8. Be2 b6 9. 0-0 Bb7 10. Nc3 Qd7 11. Rc1 Bd6 12. Bg5 0-0 13. Bxf6 gxf6 14. Qd2 Kh8 15. Qh6 Rg8 16. Qxf6+ Rg7 17. g3 Rag8 18. Ne5 Nxe5 19. dxe5 Be7 20. Qh6 Bg5 21. Qh5 Bxc1 22. Rxc1 Qc6 23. f3 Qc5+ 24. Kg2 Qe3 25. Rd1 Bd5 26. Bd3 Bc6 27. Bc2 b5 28. Rf1 Rd8 29. Be4 Rd2+ 30. Kh1 Be8 31. Qh4 Rf2 32. Rd1 b4 33. Qe7 Qh6 34. h4 bxc3 35. Qf8+ Rg8 36. Qxh6 Rg7 1-0